Lassie vuelve al hogar / (Registro nro. 11019)
[ vista simple ]
| 000 -LIDER | |
|---|---|
| fixed length control field | 00753nam a22002537a 4500 |
| 001 - NÚMERO DE CONTROL | |
| Identificador de número de control | 000418 |
| 003 - IDENTIFICACDOR DE NÚMERO DE CONTROL | |
| control field | DO-SdBNP |
| 005 - DATE AND TIME OF LATEST TRANSACTION | |
| control field | 20180130095413.0 |
| 007 - CAMPOS FIJOS DE DESCRIPCIÓN FÍSICA | |
| fixed length control field | 000418 |
| 008 - ELEMENTOS DE LONGITUD FIJA | |
| fixed length control field | 160725b 1989 cu ||||| |||| 00| 0 spa d |
| 040 ## - FUENTE DE CATALOGACIÓN | |
| Agencia que crea de manera original el registro | BPMSU |
| Idioma de catalogación | spa |
| Agencia que realiza la transcripción | BPMSU |
| 092 ## - LOCALLY ASSIGNED DEWEY DECIMAL CALL NUMBER | |
| Número de clasificación | xxxxxx |
| Número de ítem (Cutter) | xxxxxx |
| 100 1# - ASIENTO PRINCIPAL -- NOMBRE PERSONAL | |
| Nombre personal | Knigt, Eric |
| 245 10 - MENCIÓN DE TITULO | |
| Título | Lassie vuelve al hogar / |
| Mención de responsabilidad | Eric Knigt ; prólogo Waldo González López. |
| 250 ## - MENCIÓN DE EDICION | |
| Mención de edición | 2ª ed |
| 260 ## - PUBLICACIÓN, DISTRIBUCIÓN, ETC. (PIE DE IMPRENTA) | |
| Lugar de publicación, distribución, etc | La Habana : |
| Nombre del editor, distribuidor, etc. | Gente Nueva, |
| Fecha de publicación, distribución, etc | 1989. |
| 300 ## - DESCRIPCIÓN FÍSICA | |
| Extensión | 235 p. ; |
| Otros detalles físicos | 18 cm. |
| 490 1# - MENCIÓN DE SERIES | |
| Mención de serie | Aventuras ; |
| -- | Biblioteca juvenil |
| 700 1# - ASIENTO SECUNDARIO -- NOMBRE PERSONAL | |
| Nombre personal | González López, Waldo, |
| Mención de responsabilidad | pról. |
| 830 #0 - ASIENTO SECUNDARIO DE SERIE--TÍTULO UNIFORME | |
| Título uniforme | Aventuras ; |
| -- | Biblioteca juvenil. |
| 942 ## - ADDED ENTRY ELEMENTS (KOHA) | |
| Source of classification or shelving scheme | Dewey Decimal Classification |
| Koha item type | Libros |
| 945 ## - INFORMACIÓN DE PROCESAMIENTO LOCAL | |
| Información de procesamiento local | Inventariado, 2018 / BT |
| 956 ## - LOCAL ELECTRONIC LOCATION AND ACCESS (OCLC) | |
| Método de acceso | LOPEREZ |
| Materiales especificados | 10 |
| Enlace | 20160725 |
| Campo enlazado y núm. de secuencia | BPMSU |
| Nombre de host | 00041 |
| Withdrawn status | Lost status | Source of classification or shelving scheme | Damaged status | Not for loan | Collection code | Home library | Current library | Date acquired | Source of acquisition | Total Checkouts | Barcode | Date last seen | Price effective from | Koha item type |
|---|---|---|---|---|---|---|---|---|---|---|---|---|---|---|
| Dewey Decimal Classification | Colección Juvenil General | Biblioteca Pública Metropolitana Salomé Ureña | Biblioteca Pública Metropolitana Salomé Ureña | 07/25/2016 | COMPRA | BPMSU16070645 | 07/25/2016 | 07/25/2016 | Libros |